000 00799nam a22002175i 4500
001 169412
003 ES-MaACL
005 20230906214102.0
008 080910s1955 fr |||| | fre d
080 _a807.1-422
100 1 _aMarouzeau, Jules.
_9138509
245 1 3 _aLa prononciation du latin
_b: (histoire, théorie, pratique) /
_cpar J. Marouzeau.
250 _a4. éd.
260 _aParis :
_bSociété d'édition "Les Belles Lettres",
_c1955.
300 _a31 p. ;
_c26 cm.
490 1 _aCollection d'études latines. Série pédagogique ;
_v1
650 4 _aLengua latina-
_xFonética.
_914299
830 0 _aCollection d'études latines. Série pédagogique ;
_v1
_9222828
852 _aES-MaACL
_j2235-F-1
_9R.141155
_z.- Biblioteca Jacinto Martínez Lacalle
999 _c169412
_d169412